000 00463nam a2200157Ia 4500
999 _c5870
_d5870
003 OSt
005 20200131092158.0
008 190216s9999||||xx |||||||||||||| ||und||
040 _coclc
082 _a658.4033
_bPOT/Q
100 _aPotti, L R
_9868
245 0 _aQuantitative Techniques /
_cL R Potti
260 _bYamuna Publication,
_c1990.
_aThiruvananthapuram:
650 _aCommerce
942 _cBK
_2ddc
_h658.4033
_iPOT/Q
_k658.4033
_mPOT/Q